000 01001nam a22003257a 4500
003 CHAP
005 20220817042858.0
008 971013s r 00010 d
010 _a58651
011 _a59623
035 _a63783
040 _cCHAP
082 _a633
_bT8
100 0 0 _aTurrent Fernández, Antonio.
_9115685
245 _aTecnología de la producción
260 _aChapingo, Méx. :
_bUACH,
_c(s.a.)
300 _a114 p.
_b: gráfs.
590 _aBATCH-UPD
_b10
_c20130110
_lUCH01
_h1955
590 _aBATCH-UPD
_b10
_c20130410
_lUCH01
_h1316
590 _aBATCH-UPD
_b10
_c20130914
_lUCH01
_h1120
590 _aBATCH-UPD
_b10
_c20140805
_lUCH01
_h1146
590 _aCONVERSION
_b10
_c20130109
_lUCH01
_h1331
650 1 4 _aAgricultura
_xInvestigación.
_91577
650 1 4 _aCultivos
_xRendimiento.
_930318
650 1 4 _aPlan Puebla.
_988678
710 0 _aUACH. Departamento de Suelos.
901 _aBK
942 _cLIBRO
949 _a633 T8
_bBC
_cUACH
_d-137510
_eUACH
_h62284
_i63783
_mD
_si
999 _c58651
_d58651